1949 1636 1776 1401 1754 1604 1887 1357 1785 1287 1050 1589 1604 1489 1177 1717 1887 1469 1746 1200 1175 1943 2000 1688 1010 1743 1010 1589 1630 1980 1478 1932 1047 1027 1270 1293 1030 1507 1535 1814 1170 1607 1888 1797 1274 1324 1471 1117 1656 1312 1371 1370 1841 1432 1072 1923 1804 1424 1726 1208 1997 1753 1788 1986 1014 1369 1903 1788 1617 1119 1466 1933 1572 1961 1578 1298 1702 1041 1922 1934 1325 1321 1041 1972 1329 1348 1133 1064 1637 1002 1195 1789 1352 1388 1857 1210 1624 1409 1640 BCNSPRNW ULIB Ver.6.0+V

เปลี่ยนเป็นภาษาไทย

Change to English
 แสดงรายละเอียดบรรณานุกรม
  กลับหน้าหลัก

Brief Record : Get Marc (ISO 2709) : E-mail record : QR code < ปิดหน้าต่าง
LEADER : 00000nam 2200000uu 4500
001    13399114823
003     ULIB
008    120523s2010||||th 000 0 eng d
020    ^a1418055417 (paperback) ^c^76.95
020    ^a9781418055417 (paperback)
060  4 ^aWA380^bR658c
100 1  ^aRobinson, James.
245 10 ^aConcepts in health and wellness / ^cJames Robinson, Deborah J McCormick.
250    ^a1st ed.
260    ^a[S.l.] : ^bDelmar Cengage Learning, ^c2010.
300    ^a576 p. ; ^c28 cm.
520    ^aCONCEPTS IN HEALTH AND WELLNESS is the ideal book to provide readers with essential personal health information they can use to develop a lifetime of wellness skills. This book is approachable, inviting and straightforward and will help readers develop the knowledge and motivation they need to maintain wellness throughout adulthood. More importantly, this book will empower readers with the skills to access credible health and wellness information now and in the years to come. CONCEPTS IN HEALTH AND WELLNESS meets the diverse needs and interests of readers regardless of the academic setting and is written in a style that is easily understood at all levels, but especially at the community college level. Each chapter contains special features that enhance the textual material and engage the reader through application exercises.
650  4 ^a Health
700 1  ^aMcCormick, Deborah J.
945    ^p76^l0^i031814
995    ^a Kesorn
999 ^a ใช้งานได้ทุกระบบ
รายการนี้ยังไม่มีแท็ก
คุณยังไม่ได้ล็อกอิน คุณสามารถมีกิจกรรมร่วมกับเว็บไซต์ได้ แต่ต้องล็อกอินก่อน ::
  ล็อกอิน

รายการสื่อสารสนเทศ

ลำดับที่ ประเภท เลขเรียก/บาร์โค้ด สถานที่ สถานะ
- ไม่พบข้อมูล -

รายการใกล้เคียง
    หัวเรื่อง [Health]

BibComment


ยังไม่เคยถูกคอมเมนท์

คอมเมนท์ทรัพยากรรายการนี้
  คอมเมนท์: Concepts in heal..


 Copyright 2026. Bcnsprnw @Library